Oeuvre complete
Guardat en:
| Autors principals: | , |
|---|---|
| Format: | Llibre |
| Idioma: | francès |
| Publicat: |
Zurich
Les Editions d'Architecture
1957
|
| Edició: | 6a. ed |
| Matèries: | |
| Etiquetes: |
Afegir etiqueta
Sense etiquetes, Sigues el primer a etiquetar aquest registre!
|
MARC
| LEADER | 00000nam a2200000 a 4500 | ||
|---|---|---|---|
| 001 | UCN0575 | ||
| 003 | CL-VaPUC | ||
| 008 | 010330e19570000SZ |||||||||||||||||fre|d | ||
| 082 | 0 | 4 | |a 724.6 |b LEC |2 21 |
| 100 | |a Le Corbusier |e author |9 265037 | ||
| 700 | 0 | |a Jeanneret, Pierre |e author |9 455845 | |
| 245 | 1 | 0 | |a Oeuvre complete |
| 250 | |a 6a. ed | ||
| 300 | |a 7 v | ||
| 942 | |c BK | ||
| 945 | |d 20010330 00:00:00 |a crobeson | ||
| 260 | |a Zurich |b Les Editions d'Architecture |c 1957 | ||
| 500 | |a v.1: 1910-1929 | ||
| 500 | |a v.2: 1929-1934 | ||
| 500 | |a v.3: 1934-1938 | ||
| 500 | |a v.4: 1938-1946 | ||
| 500 | |a v.5: 1946-1952 | ||
| 500 | |a v.6: 1956-1957 | ||
| 500 | |a v.7: 1957-1965 | ||
| 650 | 0 | |a Arquitectura moderna |9 265021 | |
| 650 | 7 | |a TEORIA ARQUITECTONICA |2 CL-VaPUC |9 455846 | |
| 650 | 0 | |a Urbanismo |9 255208 | |
| 650 | 0 | |a Arquitectura |y Siglo 20 |9 266208 | |
| 583 | |a last modification |c 20160912 05:12:20 |k Rodrigo Vera | ||
| 999 | |c 294309 |d 294307 | ||
| 952 | |0 0 |1 0 |4 0 |6 724_600000000000000_LEC_1957 |7 0 |8 R |9 346570 |a BIBARQ |b BIBARQ |d 2019-11-20 |h v.2 |i 1245856 |o 724.6 LEC 1957 |p 1245856 |r 2025-01-20 |w 2019-11-20 |y BK_R |k ARQ | ||
| 952 | |0 0 |1 0 |4 0 |6 724_600000000000000_LEC_1957 |7 0 |8 R |9 346571 |a BIBARQ |b BIBARQ |d 2019-11-20 |h v.3 |i 1245864 |o 724.6 LEC 1957 |p 1245864 |r 2025-01-20 |w 2019-11-20 |y BK_R |k ARQ | ||